000 00717nam a2200217Ia 4500
003 GCL
008 140319s9999 xx 000 0 ara d
040 _aGCL /
_cGCL
082 0 4 _a622.42
_bا ا
100 1 _aابراهيم محمد عثمان القرضاوى
245 1 0 _aاجهزة التحكم فى التبريد والتهوية وتكييف الهواء /
_cابراهيم محمد عثمان القرضاوى
260 _a[S.N] :
_bمنشاة المعارف ،
_c1994
300 _a351 ص
490 _a
650 0 4 _aالتبريد
650 0 4 _aتكييف الهواء
650 0 4 _aمكيفات الهواء
650 0 4 _aالتهوية
650 0 4 _aغرف التبريد
942 _2ddc
_cBK
999 _c33165
_d33165